|
|
|
|
| LEADER |
00616nab a2200169 i 4500 |
| 001 |
misc433 |
| 005 |
20191106144153.0 |
| 008 |
170607s1899 hu o 0|| hun d |
| 040 |
|
|
|a SZTE Miscellanea Repozitórium
|b hun
|
| 041 |
|
|
|a hun
|
| 100 |
1 |
|
|a Takáts Sándor
|
| 245 |
1 |
0 |
|a Erdélyi görög kereskedők 1701-iki szabadalomlevele
|h [elektronikus dokumentum] /
|c Takáts Sándor
|
| 260 |
|
|
|c 1899
|
| 300 |
|
|
|a 286-287
|
| 490 |
0 |
|
|a Magyar gazdaságtörténelmi szemle
|v 6
|
| 695 |
|
|
|a Közgazdaságtudomány, Gazdaságtörténet
|
| 856 |
4 |
0 |
|u http://misc.bibl.u-szeged.hu/433/1/gazd_tort_szeml_1899_286-287.pdf
|z Dokumentum-elérés
|